Lexical collocations in written discourse for the advanced learner of English

Slovná zásoba každého jazyka sa skladá z jednotlivých slov a viacslovných výrazov. Ustálené viacslovné jednotky sa líšia mierou ustálenosti a transparentnosti. Cieľom článku je prispieť k štúdiu kolokácií vyskytujúcich sa v písanom diskurze pre pokročilého študenta angličtiny.

Gespeichert in:
Bibliographische Detailangaben
1. Verfasser: Hrdličková, Zuzana
Format: Buchkapitel
Sprache:Englisch
Schlagworte:
Tags: Tag hinzufügen
Keine Tags, Fügen Sie das erste Tag hinzu!

MARC

LEADER 00000nla a2200000 4500
001 0201787
005 20240502073411.9
041 0 |a eng 
044 |a SK 
245 1 0 |a Lexical collocations in written discourse for the advanced learner of English  |c Zuzana Hrdličková 
520 |a Slovná zásoba každého jazyka sa skladá z jednotlivých slov a viacslovných výrazov. Ustálené viacslovné jednotky sa líšia mierou ustálenosti a transparentnosti. Cieľom článku je prispieť k štúdiu kolokácií vyskytujúcich sa v písanom diskurze pre pokročilého študenta angličtiny. 
610 2 0 |a jazyky cudzie 
610 2 0 |a angličtina 
610 2 0 |a zásoba slovná 
610 2 0 |a vzdelávanie 
100 1 |a Hrdličková, Zuzana